000 01532pab a2200169 454500
008 180718b2001 xxu||||| |||| 00| 0 eng d
100 _aSalka, William M.
245 _aUrban-rural conflict over environmental policy in the Western United States
260 _c2001
300 _ap.33-48
362 _aMar
520 _aThere has been considerable debate within the literature over the degree to which environmental conflict in the Western United States stems from tensions between urban and rural areas. A number of scholars have suggested that such conflict exists throughout the West; others have argued either that this urban-rural conflict does not exist or that conflict over environmental preferences stems from factors other than place of residence. This study uses voting on statewide environmental ballot measures, with countries as the unit of analysis, to investigate whether voters in urban and rural areas express different levels of support for environmental protection. When such differences are found, the study offers explanations. Findings suggest that urban countries do vote in support of environmental protection at significantly higher levels than rural countries but that demographic variables and economic conditions are more influential in determining those levels of support than is the urban or rural nature of the country. - Reproduced
650 _aEnvironmental policy - United States
650 _aEnvironmental policy
773 _aAmerican Review of Public Administration
909 _a48389
999 _c48389
_d48389